| Tag |
First Indicator |
Second Indicator |
Subfields |
| LEADER |
00000cem a2200000Ia 4500 |
| 001 |
in00002575138 |
| 005 |
20151201114747.0 |
| 007 |
aj canzn |
| 008 |
020110s1963 ii ceg zz b f 0 eng d |
| 034 |
1 |
|
|a a
|b 6000000
|
| 035 |
|
|
|a (OCoLC)ocm48903374
|
| 035 |
|
|
|a (OCoLC)48903374
|
| 040 |
|
|
|a EQO
|c EQO
|d OCLCQ
|d UPM
|d OCL
|d TXA
|d UtOrBLW
|
| 043 |
|
|
|a a-ii---
|
| 045 |
0 |
|
|a x6x6
|b d1963
|
| 049 |
|
|
|a TXAM
|
| 050 |
|
4 |
|a G7651.C28 1963
|b .I5
|
| 052 |
|
|
|a 7651
|
| 110 |
1 |
|
|a India.
|b Ministry of Education and Youth Services.
|
| 245 |
1 |
0 |
|a India :
|b slope /
|c issued by the Ministry of Education and Youth Services, Government of India ; prepared under the direction of S.P. Chatterjee.
|
| 250 |
|
|
|a 1st ed. 1963.
|
| 255 |
|
|
|a Scale 1:6,000,000 ;
|b Conical equal area proj.
|
| 264 |
|
1 |
|a [Delhi] :
|b Ministry of Education and Youth Services,
|c [1963]
|
| 264 |
|
4 |
|c ©1963
|
| 300 |
|
|
|a 1 map :
|b color ;
|c 61 x 50 cm.
|
| 336 |
|
|
|a cartographic image
|b cri
|2 rdacontent
|
| 337 |
|
|
|a unmediated
|b n
|2 rdamedia
|
| 338 |
|
|
|a sheet
|b nb
|2 rdacarrier
|
| 500 |
|
|
|a Plate 44 of the National Atlas of India.
|
| 500 |
|
|
|a Relief shown as gradient tints and spot heights. Depths shown as bathymetric tints and soundings.
|
| 500 |
|
|
|a Shows: international and administrative boundaries, land slope, and submarine slope.
|
| 500 |
|
|
|a Includes slope profile.
|
| 500 |
|
|
|a "REG. Number 7784 HE'63-7,500'71."
|
| 500 |
|
|
|a Cartographic material.
|
| 651 |
|
0 |
|a India
|v Maps, Physical.
|
| 700 |
1 |
|
|a Chatterjee, S. P.
|q (Shiba Prasad),
|d 1903-
|
| 730 |
0 |
|
|a National atlas of India.
|
| 948 |
|
|
|a Cataloged
|b h
|c 2010/4/5
|d c
|e smckenzi
|
| 994 |
|
|
|a C0
|b TXA
|
| 999 |
|
|
|a MARS
|
| 999 |
f |
f |
|s 0e008b5d-5fdb-39b6-a1f5-27365a19e900
|i 5980642f-e9aa-31c1-a810-bfbdafdede48
|t 0
|
| 952 |
f |
f |
|p normal
|a Texas A&M University
|b College Station
|c Sterling C. Evans Library
|d Evans: Maps (2nd floor)
|t 0
|e G7651.C28 1963 .I5
|h Library of Congress classification
|i unmediated -- sheet
|m A14838056896
|
| 998 |
f |
f |
|a G7651.C28 1963 .I5
|t 0
|l Evans: Maps (2nd floor)
|